[Event "18th Reykjavik op"]
[Site "Reykjavik ISL"]
[Date "1998.03.13"]
[Round "4.3"]
[White "Gallagher, Joseph"]
[Black "Rausis, Igors"]
[Result "1/2-1/2"]
[WhiteElo "2490"]
[BlackElo "2520"]
[EventDate "1998.03.10"]
[PlyCount "128"]

1.e4 c6 2.d4 d5 3.Nd2 dxe4 4.Nxe4 Bf5 5.Ng3 Bg6 6.Nf3 Nf6 7.Bc4 Nbd7 8.O-O
e6 9.Re1 Be7 10.c3 O-O 11.Nh4 Nb6 12.Bb3 a5 13.a3 c5 14.Nxg6 hxg6 15.dxc5 
Bxc5 16.Qf3 Nbd5 17.Bc2 b5 18.Bg5 Qb6 19.h4 Nh7 20.Ne4 Be7 21.Bxe7 Nxe7 
22.Rad1 Rad8 23.Rxd8 Rxd8 24.Rd1 Nf5 25.g3 Nf8 26.Rxd8 Qxd8 27.Qd3 Qb6 28.
b4 axb4 29.axb4 f6 30.Bd1 Kf7 31.Be2 Qc6 32.Bf3 Qb6 33.Be2 Qc6 34.Bf3 Qb6 
35.Bg4 Ke7 36.Bxf5 gxf5 37.Nc5 Qc6 38.h5 Nh7 39.f4 Nf8 40.Kf2 Nd7 41.Nxd7 
Qxd7 { } 42.Qe3 {The transition into a pawn-ending is just bad for 
White: Der Uebergang ins Bauernendspiel ist nur schlecht fuer Wei@cht :} (
42.Qxd7+ Kxd7 43.Ke3 Kd6 $1 ( 43...e5 44.fxe5 fxe5 45.Kd3 Kc6 46.c4 e4+ 
47.Kd4 bxc4 48.Kxc4 Kb6 49.Kd4 Kb5 50.g4 fxg4 51.Kxe4 Kxb4 52.Kf4 Kc5 53.
Kxg4 Kd6 54.Kf5 Ke7 55.Kg6 Kf8 $11 ) 44.Kd4 e5+ 45.fxe5+ fxe5+ 46.Ke3 ( 
46.Kd3 Kd5 47.Ke3 Kc4 48.Kd2 e4 49.Ke3 Kxc3 50.g4 fxg4 51.Kxe4 Kxb4 52.Kf4
Kc5 53.Kxg4 b4 54.Kg5 b3 55.Kg6 b2 56.Kxg7 b1=Q $19 ) 46...Kd5 47.Kd3 f4 
48.gxf4 ( 48.g4 e4+ 49.Ke2 Ke6 50.g5 Kf5 51.h6 gxh6 52.gxh6 Kg6 53.c4 bxc4
54.b5 f3+ 55.Kf2 c3 56.b6 c2 57.b7 c1=Q 58.b8=Q Qd2+ 59.Kg3 Qg2+ 60.Kh4 
Qg5+ 61.Kh3 Qxh6+ 62.Kg3 Qg5+ 63.Kf2 Qg2+ 64.Ke3 Qe2+ 65.Kd4 $17 {or a 
win. oder Gewinn} ) 48...exf4 49.Ke2 Ke4 50.Kf2 f3 51.Kf1 Ke3 52.Ke1 f2+ 
53.Kf1 Kf3 $19 ) 42...Kf7 43.Ke1 Kg8 44.Qc5 Qd3 45.Kf2 Kh7 46.Qc8 Qd2+ 47.
Kg1 Qd1+ 48.Kf2 Qd2+ 49.Kf3 Qe1 50.Qe8 Qxc3+ 51.Kf2 Qd4+ 52.Kf3 Qd1+ 53.
Kf2 Qd4+ 54.Kf3 Qc3+ 55.Kf2 Qxb4 56.Qg6+ Kg8 57.Qe8+ Qf8 58.Qxe6+ Kh8 59.
Qxf5 Qb8 {White saves himself in what follows by a drawing attack versus 
the black threat to advance his passed pawn. Wei@ rettet sich in der Folge
mit einem Remisangriff gegen die schwarze Drohung names 
Freibauernvormarsch.} 60.Qe6 b4 61.h6 b3 62.Qf7 Qb6+ 63.Kg2 Qc6+ 64.Kh2 
gxh6 1/2-1/2

[Event "18th Reykjavik op"]
[Site "Reykjavik ISL"]
[Date "1998.03.13"]
[Round "4.4"]
[White "Thorhallsson, Throestur"]
[Black "Djurhuus, Rune"]
[Result "1/2-1/2"]
[WhiteElo "2480"]
[BlackElo "2510"]
[EventDate "1998.03.10"]
[PlyCount "83"]

1.e4 e6 2.d3 d5 3.Nd2 c5 4.f4 Nc6 5.Ngf3 Nf6 6.g3 Be7 7.Bg2 b5 8.O-O a5 9.
a3 Ba6 10.Ne5 Bb7 11.Nxc6 Bxc6 12.e5 Nd7 13.d4 b4 14.Nf3 bxa3 15.Rxa3 cxd4
16.Ra1 Bb5 17.Rf2 d3 18.cxd3 O-O 19.Be3 Nc5 20.Nd4 Qd7 21.Bf1 Rfb8 22.f5 
exf5 23.Nxf5 Bf8 24.Qg4 g6 25.Bxc5 Bxc5 26.d4 Bf8 27.Bxb5 Qxb5 28.Raf1 Ra7
29.Qg5 Qb6 30.Ne3 Qxd4 31.Rd1 h6 32.Rxd4 hxg5 33.Rxd5 Rc7 34.Kg2 Rcb7 35.
Rxa5 Rxb2 36.Rxb2 Rxb2+ 37.Kh3 Re2 38.Ng4 Bb4 39.Ra7 Kg7 40.Rc7 Ba3 41.Rb7
Bc5 42.Rb5 1/2-1/2

[Event "18th Reykjavik op"]
[Site "Reykjavik ISL"]
[Date "1998.03.13"]
[Round "4.5"]
[White "Westerinen, Heikki"]
[Black "Olafsson, Helgi"]
[Result "1/2-1/2"]
[WhiteElo "2410"]
[BlackElo "2505"]
[EventDate "1998.03.10"]
[PlyCount "116"]

1.e4 c5 2.Nf3 d6 3.c3 Nf6 4.Bb5+ Bd7 5.Bxd7+ Qxd7 6.d3 e6 7.O-O Be7 8.Re1 
O-O 9.Bg5 Nc6 10.d4 cxd4 11.cxd4 d5 12.e5 Ne4 13.Bxe7 Qxe7 14.Nbd2 Nxd2 
15.Qxd2 Qb4 16.Qxb4 Nxb4 17.Red1 Rfc8 18.a3 Nc2 19.Rab1 b5 20.Kf1 a5 21.
Ke2 b4 22.axb4 axb4 23.Rd3 Rc4 24.Kd2 h6 25.Ne1 Nxe1 26.Rxe1 Ra2 27.Rb1 
Kf8 28.Ke3 Ke7 29.Rd2 f5 30.Kd3 b3 31.Ke3 g5 32.g3 Raa4 33.Rbd1 Kd7 34.Rd3
Rab4 35.Rc3 Rxc3+ 36.bxc3 Ra4 37.Rb1 Ra3 38.Kd3 Kc6 39.c4 b2+ 40.Kc2 dxc4 
41.Rxb2 Kd5 42.Rb6 Kxd4 43.f4 Ra2+ 44.Kd1 Rxh2 45.Rxe6 g4 46.Rd6+ Ke3 47.
e6 Rh1+ 48.Kc2 Kf3 49.Rd5 Re1 50.Re5 Ra1 51.Rxf5 Ra8 52.Rb5 Re8 53.f5 Ke4 
54.Kc3 h5 55.Kxc4 h4 56.gxh4 g3 57.f6 Rxe6 58.Rg5 Rxf6 1/2-1/2

[Event "18th Reykjavik op"]
[Site "Reykjavik ISL"]
[Date "1998.03.13"]
[Round "4.7"]
[White "Cicak, Slavko"]
[Black "Hansen, Curt"]
[Result "0-1"]
[WhiteElo "2480"]
[BlackElo "2595"]
[EventDate "1998.03.10"]
[PlyCount "68"]

1.b3 {Kostakiev,D} 1...e5 2.Bb2 d6 ( {When Fisher at his best years 
resurected 1.b3 his opponents tried :} 2...Nc6 {Kostakiev,D} 3.c4 Nf6 4.e3
Be7 5.a3 O-O 6.Qc2 ( 6.d3 d5 7.cxd5 Qxd5 8.Nc3 Qd6 9.Nf3 Bf5 10.Qc2 Rfd8 
11.Rd1 h6 12.h3 Qe6 13.Nd2 Nd7 14.Be2 Kh8 $11 {1-0 
Fischer,R-Tukmakov,V/Buenos Aires 1970} ) 6...Re8 7.d3 Bf8 8.Nf3 a5 9.Be2 
d5 10.cxd5 Nxd5 11.Nbd2 f6 12.O-O Be6 $14 {1-0 
Fischer,R-Andersson,U/Siegen Expressen 1970} ) 3.c4 g6 ( 3...Nf6 {
Kostakiev,D has recomended well itself in Spraggett,K-Apicella,M/Paris 
1991/Inf 51} ) 4.d4 ( 4.g3 $11 {Kostakiev,D Stein,B-Schneider,B/Germany 
1991} ) ( 4.Nc3 $11 {Kostakiev,D Teske,H-Stohl,I/BL9697 
Dresden-Delmenhorst 1997/BL9697} ) 4...Bg7 5.dxe5 Nd7 {} 6.Qd2 ( 6.Nf3 {
Kostakiev,D} 6...Ne7 ( 6...dxe5 {Ljubojevic,L-Planinc,A/Umag 1972} ) 7.g3 
{-Stein,B-Levitt,J/Dortmund (Germany) 1988} ) 6...dxe5 7.Nf3 c6 $1 {[%csl 
Gd5][%cal Yd8a5] Kostakiev: Square d6 becomes week. A small but important 
move for the further developement of the game. A first it seems that the 
weakness of the square d6 might benefit white. However the concrete 
variations show that the control over d5 and the posibility i d8-a5 is of 
greater importance.} ( 7...Ne7 $6 8.Nc3 O-O 9.O-O-O {Was less good. From 
e7 the i does not control e4 and blacks queen does not have a good square}
) ( 7...f5 {Kostakiev,D} 8.e3 g5 9.h3 g4 10.hxg4 fxg4 11.Nh4 $14 {Fritz5} 
) 8.Nc3 Ngf6 {} 9.Ng5 {Kostakiev: The idea is to use immediately the week
point d6. (i g5-e4-d6). But to do it before pieces developing is 
prematurate.} ( 9.Ba3 Qa5 $1 ) ( 9.O-O-O Qe7 $1 ) ( 9.Rd1 $142 {
Kostakiev,D} 9...Qe7 10.e4 $14 ) 9...O-O 10.Nge4 ( 10.Ba3 Re8 11.Nge4 Qa5 
$1 $36 ) 10...Nxe4 11.Nxe4 f5 $1 {White is forced to continue with the 
plan started on move 9 - to place a i on d6. The further events show that 
this i is very much left alone - without support from the rest of the 
white army} ( 11...Qc7 {Kostakiev,D} 12.Rd1 f5 13.Nd6 Rd8 14.g3 b6 15.Bg2 
Nc5 16.f4 e4 17.Nb5 Qd7 18.Qxd7 Nxd7 19.Nc7 Rb8 20.Bxg7 $18 ) 12.Nd6 Nc5 (
12...Qc7 {Kostakiev,D} 13.h4 Rd8 ) 13.Rd1 Qe7 {Blacks is ready for i d8 
and i e4. The white opening-strategy has been refuted.} 14.Ba3 ( 14.Nxc8 
Raxc8 15.Qd6 Qxd6 16.Rxd6 e4 $15 ) 14...b6 ( 14...Ne6 {Kostakiev,D} 15.e3 
Rd8 16.Be2 b6 17.g4 f4 18.Bf3 Qc7 19.Bg2 ) 15.b4 ( 15.Bxc5 bxc5 16.Nxc8 ( 
16.g3 {Kostakiev,D} 16...Rd8 17.Bg2 e4 18.O-O Be6 19.Qf4 Rd7 $15 ) ( 16.
Qa5 e4 17.e3 ) 16...Raxc8 $17 {[%csl Re1][%cal Ye5e4,Yg7a1]} ) 15...Ne4 {.
} 16.Nxe4 fxe4 17.e3 ( 17.Qe3 $142 {Kostakiev,D} 17...Qf7 18.g3 Be6 $15 ) 
17...Bg4 18.Rc1 ( 18.Be2 Rad8 19.Qc2 Bxe2 20.Qxe2 Rxd1+ 21.Qxd1 Rd8 $17 {
[%cal Yd8d3]} ) ( 18.Rb1 {Kostakiev,D} 18...Rfd8 19.Qc2 a5 $15 ) 18...Rad8
( 18...a5 $5 $15 {Kostakiev,D} ) 19.Qc2 Qh4 {[%csl Rf2]} ( 19...Qf7 {
Kostakiev,D} 20.b5 c5 $15 ) 20.h3 {} ( 20.c5 {Kostakiev,D} 20...b5 21.Bb2
Rf7 $17 ) 20...Bh6 {[%cal Yh6e3]} ( 20...Rd3 $5 21.Bxd3 exd3 22.g3 Qf6 23.
Qb2 Be2 24.Rh2 $13 ) ( 20...Rf7 $5 {Kostakiev,D} 21.c5 ( 21.Rg1 Be6 22.g3 
Qf6 23.Bg2 Rfd7 $17 ) 21...b5 22.Rg1 Be6 $17 ) 21.g3 Qh5 22.Be2 ( 22.Rg1 
$5 {Kostakiev,D} 22...Bxe3 $3 ( 22...Bxh3 23.Qxe4 ( 23.Bxh3 Qxh3 $17 ) 
23...Bxf1 24.Rxf1 Qf3 $15 ) 23.fxe3 Qh6 $1 $19 {(} 24.Qxe4 $140 Bf3 25.
Qxe5 Rde8 $19 {)} ) ( 22.c5 $6 {Kostakiev,D} 22...Bf3 23.Rg1 b5 24.Qb3+ 
Rf7 $17 ) 22...Bf3 ( 22...Bxe2 $1 {Kostakiev,D} 23.Qxe2 Qxe2+ 24.Kxe2 Rd3 
25.Bb2 Rfd8 26.Rhd1 Bg7 27.Rxd3 exd3+ 28.Kd2 a6 29.f3 $13 ) 23.Rd1 Rxd1+ 
$6 ( 23...Bxe2 $1 24.Rxd8 Rxd8 25.Qxe2 Qf3 ( 25...Qxe2+ {Kostakiev,D} 26.
Kxe2 Bf8 27.Rb1 Rd3 28.Rb3 Rd7 $11 ) 26.Qxf3 exf3 27.Bb2 e4 28.Bd4 Bf8 29.
c5 bxc5 30.bxc5 Rd5 $17 ) 24.Qxd1 Qf5 25.Bxf3 exf3 ( 25...Bg5 {Kostakiev,D
} 26.b5 $1 Rd8 27.Bd6 $1 ( 27.bxc6 $6 Rxd1+ 28.Bxd1 Bd8 $15 ) 27...Qxf3 ( 
27...exf3 28.bxc6 Rxd6 29.Qxd6 Qb1+ 30.Kd2 Qxh1 31.c7 $18 ) 28.Qxf3 exf3 
29.Bxe5 cxb5 30.cxb5 Rd5 31.Bc3 Rxb5 32.Kd2 $11 ) 26.g4 $2 ( 26.b5 $142 ) 
( 26.b5 $1 $14 {Kostakiev,D} 26...Rf7 ( 26...c5 27.Qd5+ Qf7 28.e4 Qxd5 29.
exd5 Ra8 30.Bb2 a6 31.bxa6 Rxa6 32.Bxe5 Rxa2 33.O-O Rc2 34.Rb1 $11 ) ) 
26...Qe6 $19 27.Qc2 e4 28.O-O ( 28.Bb2 {Kostakiev,D} 28...Rf7 $17 ) 28...
Bg7 {[%csl Rg1][%cal Rh7h5] ih7-h5} 29.Kh1 ( 29.b5 {Kostakiev,D} 29...c5 
$17 ) 29...Rd8 30.Rc1 ( 30.Rd1 Rxd1+ 31.Qxd1 Qxc4 $19 ) ( 30.b5 {
Kostakiev,D} 30...c5 31.Rc1 Rd3 $19 ) 30...Rd3 31.Bb2 Bxb2 32.Qxb2 h5 33.
Rg1 hxg4 34.hxg4 ( 34.Rxg4 Rd1+ 35.Kh2 Qd6+ 36.Rg3 ( 36.Rf4 Rd2 $19 ) 
36...Rd2 $19 ) 34...g5 0-1

[Event "18th Reykjavik op"]
[Site "Reykjavik ISL"]
[Date "1998.03.13"]
[Round "4.8"]
[White "Hall, Jesper"]
[Black "Agdestein, Simen"]
[Result "1/2-1/2"]
[WhiteElo "2460"]
[BlackElo "2570"]
[EventDate "1998.03.10"]
[PlyCount "90"]

1.e4 e6 2.d3 d5 3.Nd2 c5 4.Ngf3 Nc6 5.g3 Bd6 6.Bg2 Nge7 7.O-O O-O 8.Re1 
Bc7 9.a3 ( 9.c3 {Die folgende Variante empfiehlt Hall in seinem eigenen 
Buch ueber den K@ nigsindischen Angriff. Er haelt sich aber hier nicht an 
seine eigene Empfehlung.} 9...a5 $6 ( 9...b6 $142 ) 10.a4 b6 11.exd5 exd5 
12.Nb1 $1 Bg4 13.Na3 $14 {Vaganian-A.Sokolov/Minsk/1986} ) 9...d4 10.Nh4 {
[%cal Yf2f4]} ( 10.e5 {Schwarz ist gegen diesen 
Vorsto@-A.Sokolov/Minsk/1986 gut gewappnet. Er kann sogar den Kampf um das
Feld e5 aufnehmen oder aber seine Plaene am i -fluegel fortsetzen.} 10...
Ng6 11.Nb3 Ngxe5 ( 11...Qe7 12.Bg5 f6 13.exf6 gxf6 14.Bh6 Re8 $13 ) ( 
11...b6 $2 12.Nfxd4 $16 ) 12.Nxe5 Nxe5 13.Nxc5 Rb8 $132 ) 10...e5 {[%csl 
Re1] i e1 ist hier ein Zeitverlust: er wird auf f1 gebraucht.} 11.Qh5 ( 
11.Rf1 ) 11...g6 12.Qe2 ( 12.Qh6 $2 f6 {[%csl Rh6] Die i h6 hat kein 
Rueckzugsfeld. Wei@zugsfeld. mue@zugsfeld. te einige Anstrengungen 
unternehmen damit sie nicht gefangen wird.} ) 12...f6 13.Rf1 Be6 14.f4 
exf4 ( 14...Qd7 15.f5 $5 gxf5 16.exf5 Nxf5 17.Nxf5 Bxf5 18.Ne4 Bb6 ( 18...
b6 $2 19.Bh6 $16 Rf7 $2 20.Qf3 $18 ) ( 18...Bxe4 19.Bxe4 $44 ) 19.Bh6 Rf7 
20.Qh5 $44 ( 20.Rxf5 Qxf5 21.Nd6 Qe6 22.Nxf7 Qxf7 23.Qg4+ Kh8 24.Rf1 $44 )
) 15.gxf4 Bf7 ( 15...Qd7 16.f5 gxf5 17.exf5 Nxf5 18.Nxf5 Bxf5 19.Ne4 Bxe4 
20.Bxe4 Rae8 21.Bh6 Rf7 22.Qh5 Ne5 23.Kh1 $44 ) ( 15...f5 16.exf5 ( 16.e5 
) 16...Bxf5 17.Nxf5 Nxf5 ( 17...Rxf5 18.Ne4 ) 18.Bxc6 ( 18.Qe6+ Kh8 19.Ne4
Qh4 $15 ) 18...bxc6 19.Qe6+ Kh8 20.Ne4 ( 20.Qxc6 Ne3 21.Rf2 Nxc2 22.Rb1 
Ne1 $19 ) 20...Qd5 21.Qxd5 cxd5 22.Nxc5 Rae8 $11 ) 16.Ndf3 Qd7 17.Bd2 Rae8
18.Qf2 Kh8 19.Rae1 b5 $17 {Das wei@F e Spiel am i-fluegel und im Zentrum 
ist neutralisiert und Schwarz hat Spiel am i -fluegel.} 20.Kh1 a5 ( 20...
c4 ) 21.Rg1 a4 22.Rgf1 b4 23.e5 $6 {Tritt die Flucht nach vorne an.} 23...
Bd5 24.Qg3 Ng8 $1 25.exf6 Nxf6 26.Ne5 Nxe5 27.fxe5 Bxg2+ $2 ( 27...bxa3 
28.bxa3 Bxg2+ 29.Kxg2 ( 29.Nxg2 Nh5 30.Qg5 ( 30.Rxf8+ Rxf8 31.Qg5 Rf5 $19 
) 30...Rxf1+ 31.Rxf1 Bxe5 $19 ) 29...Nh5 30.Rxf8+ Rxf8 31.Qg5 Qf7 $1 {
[%cal Rc7d8] die wei@] en Figuren sind seltsam hilflos.} 32.Kh1 Bd8 33.Qg4
Bxh4 34.Qxh4 Qf3+ 35.Kg1 Nf4 $19 ) 28.Qxg2 $1 Rxe5 29.Rxe5 Bxe5 30.axb4 
cxb4 31.Bxb4 Rb8 32.Nf3 $1 {mit diesem feinen Zug rettet Wei@t sich.} ( 
32.Ba3 Ng4 $17 {[%csl Ge3]} ) 32...Rxb4 ( 32...Ng4 $2 33.Nxe5 Nxe5 34.Bc5 
$16 ) 33.Nxe5 Qe6 34.Qg5 Kg7 35.Nc4 Rb7 36.Qf4 Rd7 $11 37.Ne5 Rd5 38.Nf3 
Qb6 39.Kg1 Qxb2 40.Qc7+ Nd7 ( 40...Rd7 41.Qe5 {[%cal Yf3g5]} ) 41.Qc6 Qb5 
42.Qxb5 Rxb5 43.Nxd4 Rb2 44.Ne6+ Kg8 45.Ra1 Rxc2 1/2-1/2

[Event "18th Reykjavik op"]
[Site "Reykjavik ISL"]
[Date "1998.03.13"]
[Round "4.9"]
[White "Kindermann, Stefan"]
[Black "Ivanov, Mikhail M."]
[Result "1/2-1/2"]
[WhiteElo "2565"]
[BlackElo "2440"]
[EventDate "1998.03.10"]
[PlyCount "43"]

1.e4 c5 2.Nf3 e6 3.d4 cxd4 4.Nxd4 a6 5.Bd3 Nc6 6.Nxc6 dxc6 7.Nd2 e5 8.Qh5 
Bd6 9.Nc4 Nf6 10.Nxd6+ Qxd6 11.Qe2 O-O 12.O-O Be6 13.c3 h6 14.f3 Nh5 15.g3
Rfd8 16.Bc2 b5 17.Qf2 Bc4 18.Re1 Qe6 19.b3 Bd3 20.Be3 Rd7 21.Rad1 Rad8 22.
Bb6 1/2-1/2

[Event "18th Reykjavik op"]
[Site "Reykjavik ISL"]
[Date "1998.03.13"]
[Round "4.10"]
[White "Richardson, John"]
[Black "Gausel, Einar"]
[Result "1/2-1/2"]
[WhiteElo "2315"]
[BlackElo "2555"]
[EventDate "1998.03.10"]
[PlyCount "91"]

1.d4 d5 2.c4 e6 3.Nf3 c6 4.Nc3 Nf6 5.e3 Nbd7 6.Qc2 Bd6 7.Bd2 O-O 8.Bd3 
dxc4 9.Bxc4 Qe7 10.O-O a6 11.a4 c5 12.dxc5 Bxc5 13.e4 Ng4 14.Bf4 Qf6 15.
Bg3 Nge5 16.Nxe5 Nxe5 17.Be2 Ba7 18.Rad1 Nc6 19.Qc1 Nd4 20.Bd3 Bd7 21.e5 
Qd8 22.Qf4 Bc6 23.Bh4 f6 24.exf6 gxf6 25.Bb1 Rf7 26.Rd3 Qf8 27.Rg3+ Kh8 
28.Rh3 Nf5 29.Bxf5 exf5 30.Qxf5 Qg7 31.Rg3 Qh6 32.Qe6 Raf8 33.Bg5 Qh5 34.
Bf4 Re8 35.Qg4 Qxg4 36.Rxg4 h5 37.Rh4 Rh7 38.Bg3 Rg8 39.Ne4 Bd4 40.b3 f5 
41.Ng5 Rxg5 42.Rxd4 h4 43.Be5+ Kg8 44.f3 Kf7 45.Kf2 Rg6 46.Rfd1 1/2-1/2

[Event "18th Reykjavik op"]
[Site "Reykjavik ISL"]
[Date "1998.03.13"]
[Round "4.11"]
[White "Stefansson, Hannes Hlifar"]
[Black "Bradbury, Neil"]
[Result "1-0"]
[WhiteElo "2540"]
[BlackElo "2360"]
[EventDate "1998.03.10"]
[PlyCount "127"]

1.d4 Nf6 2.c4 e6 3.Nc3 Bb4 4.Qc2 c5 5.dxc5 Bxc5 6.Nf3 O-O 7.Bg5 h6 8.Bh4 
Be7 9.e3 b6 10.Be2 Bb7 11.O-O d6 12.Rfd1 a6 13.Nd2 Nbd7 14.b3 Rc8 15.Qb2 
Re8 16.Rac1 Qc7 17.Bg3 Qb8 18.a4 Qa8 19.Bf3 Bf8 20.Qb1 Nc5 21.Bxb7 Qxb7 
22.Bh4 Ncd7 23.Nde4 Nxe4 24.Nxe4 d5 25.cxd5 Rxc1 26.Qxc1 Rc8 27.Qb2 exd5 
28.Nd2 g5 29.Bg3 Bg7 30.Qb1 Qc6 31.h4 g4 32.e4 d4 33.Nc4 Qe6 34.e5 b5 35.
axb5 axb5 36.Nd6 Rc3 37.Qe4 Nxe5 38.Nxb5 Rxg3 39.Qa8+ Bf8 40.Nxd4 Nf3+ 41.
Nxf3 Qxb3 42.Rd8 Qb1+ 43.Kh2 Rxg2+ 44.Kxg2 gxf3+ 45.Qxf3 Qg6+ 46.Kh3 Kg7 
47.Qc3+ Kg8 48.Qc8 Kh7 49.Rxf8 Qd3+ 50.Kg2 Qg6+ 51.Kf1 Qd3+ 52.Ke1 Qe4+ 
53.Kd2 Qd4+ 54.Kc1 Qa1+ 55.Kc2 Qa4+ 56.Kc3 Qa5+ 57.Kd4 Qb4+ 58.Ke5 Qe1+ 
59.Kd6 Qd2+ 60.Ke7 Qb4+ 61.Kxf7 Qf4+ 62.Ke8 Qe4+ 63.Kd7 Qd5+ 64.Kc7 1-0

[Event "18th Reykjavik op"]
[Site "Reykjavik ISL"]
[Date "1998.03.13"]
[Round "4.12"]
[White "Mortensen, Erling"]
[Black "Van der Weide, Karel"]
[Result "0-1"]
[WhiteElo "2510"]
[BlackElo "2450"]
[EventDate "1998.03.10"]
[PlyCount "68"]

1.e4 {Finkel,A} 1...c5 2.Nf3 Nc6 3.Bb5 g6 4.O-O Bg7 5.c3 e5 {A rather 
risky line for black} 6.d4 cxd4 7.cxd4 exd4 ( 7...Nxd4 {Finkel,A} 8.Nxd4 
exd4 9.f4 $14 ) 8.Bf4 Nge7 9.Bd6 O-O 10.a4 ( 10.Re1 $5 {Finkel,A} ) ( 10.
Nbd2 $5 {Finkel,A} 10...b6 11.Rc1 Bb7 12.Re1 Re8 13.Bc4 Nc8 14.Bg3 a6 15.
Bh4 Bf6 16.Bxf6 Qxf6 17.Bd5 $1 $36 {Ulibin,M-Reinderman,D/Leeuwarden op 
1994 (44)} ) 10...b6 ( 10...h6 $6 {Finkel,A} 11.Nbd2 a6 12.Bc4 Kh7 13.Re1 
Na5 14.Bd5 Nxd5 $5 15.Bxf8 Qxf8 16.exd5 Qd6 17.Nb3 $16 {
Popov,S-Rodic,D/JUG-ch Kladovo 1992 (36)} ) 11.Nbd2 Bb7 12.Bc4 {
Boleslavskys recommendation. A few rounds before a had the same position 
on the board against Andreas Schmied and won quickly. Therefore I was a 
little surprised about my opponents choice of opening.} ( 12.Re1 $5 {
Finkel,A} 12...h6 13.Nb3 Re8 14.Nbxd4 a6 15.Bc4 Nc8 16.Bxf7+ $2 Kxf7 17.
Qb3+ Re6 18.Nxe6 dxe6 19.e5 N6e7 $17 {Horvath,A-Dani,P/Zalakaros op 
1996/0-1 (52)} ) ( 12.Nb3 {Finkel,A} 12...Re8 $1 13.Re1 Nc8 14.Bg3 a6 15.
Bc4 ( 15.Bxc6 $2 dxc6 16.Nbxd4 c5 $17 ) 15...d6 16.Rc1 Ne5 17.Bf1 ( 17.
Nfxd4 Nxc4 18.Rxc4 Rxe4 $17 ) 17...Nxf3+ 18.Qxf3 Ne7 $132 {
Westerinen,H-Savon,V/Dortmund 1975 (32)} ) 12...h6 {Certainly better than}
( 12...Nc8 $6 13.Bxf8 Qxf8 14.Ng5 Ne5 $2 15.Ba2 Ba6 16.f4 Qe7 17.fxe5 Qxg5
18.Rxf7 Kh8 19.Nf3 Qe3+ 20.Kh1 {1-0 Mortensen,Erling-Schmied,Andreas/XVIII
Reykjavik International Reykjavik, ISL (2) 1998} ) ( 12...Na5 $5 {Finkel,A
} 13.Ba2 Ba6 14.Re1 Nb7 15.Ba3 Nc5 16.Nb3 Nd3 17.Re2 Nf4 18.Rd2 d3 $13 {
Antunes,A-Pigusov,E/Santa Clara 1991 (70)} ) 13.b4 $5 ( 13.Re1 {developing
another piece might be stronger} ) 13...a5 14.b5 Na7 ( 14...Nb4 15.Qb3 $16
) 15.Qb3 ( 15.Rc1 Nac8 ( 15...Kh7 {Finkel,A} 16.Bd5 $5 Nxd5 17.exd5 Re8 
18.Bc7 Qf6 19.d6 Nc8 20.Nc4 Bd5 21.Nxb6 Nxb6 22.Bxb6 Bxf3 23.Qxf3 Qxd6 24.
Bc7 $14 {[%cal Gb5b6,Gb6b7] with advantage.} ) 16.Bc7 Qe8 17.e5 d6 ( 17...
Nf5 18.Re1 d5 19.Bd3 $16 {[%csl Rb7,Rd4][%cal Gd2b3]} ) 18.exd6 Nf5 19.Re1
Qd7 {seems OK for black} ( 19...Qd7 20.Ne5 Bxe5 21.Rxe5 Nfxd6 22.Bd5 $1 
$14 ) ) 15...Nac8 16.Ba3 d5 $1 {Active defence. After 16. -, d6 17. Te1 
black does not have any constructive moves left} 17.Bxd5 ( 17.exd5 {
Finkel,A} 17...Nd6 $15 ) 17...Bxd5 18.exd5 Re8 19.Rfe1 Ra7 20.Rac1 $5 Rd7 
21.Nc4 ( 21.Ne5 $6 {Finkel,A} 21...Bxe5 ( 21...Rxd5 $2 22.Nc6 Nxc6 23.
Rxe8+ Qxe8 24.Qxd5 $18 ) 22.Rxe5 Nxd5 ( 22...Rxd5 23.Rxc8 Qxc8 24.Rxe7 
Rxe7 25.Bxe7 Qc1+ 26.Nf1 Re5 ( 26...Rd7 27.Ba3 Qc3 $15 ) 27.Bf6 Re1 28.Qd3
Rd1 29.Qe2 Kh7 30.h3 d3 31.Qe7 Rxf1+ 32.Kh2 Qf4+ $19 ) 23.Nf3 ( 23.Rxd5 
Rxd5 24.Rxc8 Qxc8 25.Qxd5 Qc3 $19 ) 23...Nf4 $15 ) 21...Rxd5 22.Nce5 Bxe5 
23.Nxe5 {Threatening to win the exchange with Nc6} 23...Nf5 24.f4 {
Unfortunately 24. Rxc8, R5xe5 did not work. Strongest might be:} ( 24.Nc6 
Rxe1+ 25.Rxe1 Qd7 26.g4 Nh4 27.h3 d3 ( 27...Kg7 28.Bb2 Kg8 29.Nxd4 $16 ) 
28.Re7 $18 {winning, but a better defence is 26. .. Ng7. Van der Weide 
suggested 26. Bb2 (26. .. d3? 27. Qc3) winning back the d-pawn with the 
better game in a few moves.} ) ( 24.Ng4 {Finkel,A} 24...Rxe1+ 25.Rxe1 Kg7 
$15 ) 24...d3 $1 25.Red1 $2 ( 25.Rxc8 $2 Rdxe5 26.Rxd8 Rxe1+ 27.Kf2 Re2+ 
28.Kg1 Rxd8 $19 ) ( 25.Nxd3 Rxe1+ 26.Nxe1 {still left some chances for 
white} ) 25...Rdxe5 $1 {I overlooked this exchange sacrifice. Now black is
winning:} 26.fxe5 Qd4+ 27.Kh1 d2 28.Rc7 {Finkel: So far both sides played 
interesting and inventive chess,but now white misses very strong and not 
so complicated move:} ( 28.e6 $1 {Finkel,A} 28...Ncd6 $8 ( 28...dxc1=Q 29.
exf7+ Kh7 30.Bxc1 $18 ) 29.Bxd6 Nxd6 30.exf7+ Nxf7 31.Rf1 Qf2 32.Rcd1 Re1 
33.Qc4 ( 33.Qf3 Qxf3 34.gxf3 Re2 $17 {[%cal Gf7e5,Ge5c4,Gc4e3]} ) 33...Kh7
34.h3 Ne5 35.Qc7+ Nf7 36.Qc4 $11 {with equality.} ) 28...Ncd6 $1 29.Bxd6 (
29.Bb2 {Finkel,A} 29...Qf2 30.Qf3 Qe1+ 31.Qf1 Qxf1+ 32.Rxf1 Ne3 33.Rb1 
Ndc4 $19 {[%cal Ge8d8]} ) 29...Nxd6 30.Qc3 {Finkel: Another mistake,this 
time already lethal.Black had to play} ( 30.Rf1 $8 {Finkel,A} 30...Rxe5 ( 
30...Qxe5 31.Rcxf7 Nxf7 32.Qxf7+ Kh8 33.Qxg6 Qe6 34.Qd3 Qe1 35.Qd4+ $11 ) 
31.Rcxf7 Rd5 $1 ( 31...Qd5 32.Rf8+ Kg7 33.Qc3 $8 Nf5 ( 33...d1=Q 34.Qc7+ 
$18 ) 34.Rd8 Qxd8 35.Qxe5+ $18 {[%cal Gf1d1]} ) 32.Rf8+ Kg7 33.Qd1 Nf5 34.
Re8 h5 $1 $17 {[%cal Gf5e3,Gh5h4]} ( 34...Ne3 35.Re7+ Kg8 36.Re8+ $11 ) ( 
34...Ng3+ $5 35.hxg3 Rh5+ 36.Qxh5 gxh5 37.Re7+ Kg6 38.Re6+ Kg5 39.Re8 $1 {
[%cal Ge8g8]} 39...Kg6 $14 {with good chanses to save the game.} ) ) 30...
Qxc3 31.Rxc3 Rxe5 {Finkel: Now everything is over:white can't stop the 
pawn without serious material losses.} 32.Rf3 Re1+ 33.Rf1 Rxf1+ 34.Rxf1 
Ne4 0-1

[Event "18th Reykjavik op"]
[Site "Reykjavik ISL"]
[Date "1998.03.13"]
[Round "4.13"]
[White "Vidarsson, Jon"]
[Black "Hector, Jonny"]
[Result "0-1"]
[WhiteElo "2380"]
[BlackElo "2505"]
[EventDate "1998.03.10"]
[PlyCount "94"]

1.e4 e5 2.Nf3 Nc6 3.Bb5 a6 4.Ba4 Nf6 5.Qe2 b5 6.Bb3 Be7 7.O-O O-O 8.c3 d5 
9.d3 Bb7 10.Bg5 Na5 11.Bc2 Nd7 12.Bxe7 Qxe7 13.Nbd2 c5 14.exd5 Bxd5 15.
Rfe1 Rae8 16.d4 cxd4 17.cxd4 Nc6 18.dxe5 Ndxe5 19.Nxe5 Nxe5 20.Be4 Bxe4 
21.Qxe4 Qd7 22.Qc2 Rc8 23.Qd1 Nd3 24.Ne4 Rfd8 25.Re2 Qc6 26.Qf1 Nxb2 27.
Ng3 Qf6 28.Rc1 Nd3 29.Rxc8 Rxc8 30.Qd1 Nf4 31.Rc2 Re8 32.h3 g6 33.Qd7 Rd8 
34.Rc8 Rxc8 35.Qxc8+ Kg7 36.Kh2 h5 37.Qc5 Nd3 38.Qe3 Nxf2 39.Kg1 Nd1 40.
Qd2 Nc3 41.Nf1 h4 42.Ne3 Ne4 43.Qe1 Qd4 44.Kh2 Qe5+ 45.Kg1 Ng3 46.Kf2 Qf4+
47.Kg1 Qd4 0-1